| 000 | 02092ncm0a2200433 4500 | ||
|---|---|---|---|
| 001 | RU\NLR\ONIZ\223677 | ||
| 005 | 20250626114546.0 | ||
| 010 | _a978-5-903801-31-2 | ||
| 035 | _aRU\NLR\ONIZ\natafirs\5000002626\20180528143308 | ||
| 035 | _a(NLR Aleph) 011715204 | ||
| 090 |
_a11453683 _c11453683 |
||
| 100 | _a20180528d2015 |||y0rusy50 ca | ||
| 101 | 0 | _arus | |
| 102 | _aRU | ||
| 128 | _asg | ||
| 145 | 0 | _aa | |
| 200 | 1 |
_aА мы ноня гуляли... _bНоты _e[нар. песни Волгоградской обл.] _eучеб.-практ. изд. _fавт.-сост. С. Ю. Пальгов _gВ. А. Шилкин _gВК им. П. А. Серебрякова |
|
| 210 |
_aВолгоград _cООО "МИРИА" _d2015 |
||
| 215 |
_a72 с. _cфото _d20 см |
||
| 300 | _aФотопортр. и крат. биогр. справки: с. 4 обл. | ||
| 300 | _aБиблиогр.: с. 69 | ||
| 606 | 1 |
_aФольклор русский _2nlr_sh |
|
| 607 |
_aВолгоградская область _xНоты _yРоссия _z21 в. _2nlr_sh |
||
| 686 |
_aЩ92(2Р=Рус)-49(Волгоградская обл.) _vLBC/SL _2rubbk |
||
| 686 |
_aЩ92(2Р=Рус)-48 _vLBC/SL _2rubbk |
||
| 700 | 1 |
_9z03790 _aПальгов _bС. Ю. _gСергей Юрьевич _4070 _4220 _7ca |
|
| 702 | 1 |
_9z02790 _aШилкин _bВ. А. _gВалерий Анатольевич _4220 _4070 _7ca |
|
| 712 | 0 | 2 |
_aВолгоградская консерватория им. П. А. Серебрякова _bФакультет высшего профессионального образования _bКафедра музыкального фольклора и этнографии _4570 |
| 790 | 1 |
_9z02702 _aŠilkin _bV. A. _gValerij Anatol`evič _4220 _4070 _7ba |
|
| 790 | 1 |
_9z03700 _aPal`gov _bS. Yu. _gSergej Yur`evič _4070 _4220 _7ba |
|
| 801 | 0 |
_aRU _bNLR _c20180528 _gPSBO |
|
| 801 | 1 |
_aRU _bNLR _c20180528 _2rusmarc |
|
| 801 | 2 |
_aRU _bNLR _c20191009 |
|
| 852 |
_aNLR _bМ _jК-2/4840 _p267572 _t1 |
||
| 852 |
_aNLR _bМ _jК-2/4840а _p267573 _t2 |
||
| 942 | _cSCORE | ||
| 980 | _aNB | ||
| 980 | _aONIZ | ||